Регионална библиотека "Любен Каравелов" - Русе

Чумни нощи (Запис номер 461370)

MARC детайли
000 -Лидер
Контролно поле с фиксирана дължина 01066nam a2200301 a 4500
003 - Код на организацията, давaща контролен номер
Контролно поле BLK
005 - Дата и час на последна редакция
Контролно поле 20241010093702.0
008 - Елементи от данни с фиксирана дължина
fixed length control field 180408b bul|||||r ||||||| ||bul||
020 ## - Международен стандартен номер на книга ISBN
Международен стандартен номер на книга ISBN 9789543652679
040 ## - Източник на каталожния запис
Идентификатор на билиотеката - собственик на записа BLK
041 ## - Код за език
Код за езика на текст/звукозапис или на отделно заглавие Български
Код за езика КДБФ Български
080 ## - УДК
Текстов определител УДК Турска литература
УДК код - определител по УДК 821.512.161
УДК определител -31
УДК - код + определител 821.512.161-31
100 1# - Редна дума - Автор
Автор Памук, Орхан
Авторска отговорност първи автор
R(LIN) 105861
139 ## - Редно поле
Редна дума Памук, Орхан
Авторски знак Пам - П 16
245 10 - Сведения за заглавието
Заглавие Чумни нощи
Подзаглавни данни Роман
Редно поле (дума) Орхан Памук; прев. от тур. Ивайло Хранов
257 ## - Страна на издаване
Страна на създаване/издаване Турция
260 ## - Област на издателските данни
Място на издаване, разпространение и проч. София
Име на издателя, разпространителя и проч. Еднорог
Година на издаване 2022
300 ## - Физическа характеристика
Страници 720 с.
Размери/Мащаб 21 см
380 ## - Жанр
Жанр Худож. лит.
500 ## - Общи забележки
Забележка Ориг. загл. Veba Geceleri / Orhan Pamuk
700 ## - Други автори (авторска отговорност)
Лично име Хранов, Ивайло Пламенов
Автороска отговорност (Описва отношението между автора и произведението) прев. от тур.
9 (RLIN) 379945
852 ## - Местоположение
Фондова буква Заемна - подръчен фонд
Систематично-азбучна сигнатура 821-31/П 16 О
852 ## - Местоположение
Систематично-азбучна сигнатура Цб 316888
Фондова буква Хранилище
856 4# - Електронен адрес и достъп
Електронен формат pdf - файл
Инструкция (цена за достъп) 0.00
Права за достъп disable
856 4# - Електронен адрес и достъп
Електронен формат pdf - файл
Инструкция (цена за достъп) 0.00
Права за достъп disable
999 ## - СИСТЕМНИ КОНТРОЛНИ НОМЕРА
Koha biblionumber 461370
Koha biblioitemnumber 461370
942 ## - АРТИКУЛИ
Вид на библиотечния материал Книги
Скрит в OPAC Не
Периодичен библиозапис Да
Koha issues (borrowed), all copies 19
944 ## - СЪЗДАВАНЕ И РЕДАКЦИЯ на ЗАПИСА
Създаване/Редакция Създаване
Дата на регистрацията/редакция 2023-03-22
Служител, извършил регистрацията/редакцията 30539
Статус, дата на статуса Кръстинка Христова
Наличности
Код за отписване Код за изгубен артикул Източник на класификационната схема Код за повреда Коз за рестрикции Код за отдаване Артикулен № Име на библиотеката - собственик Име на библиотеката, в която се намира в момента Статус (Текущо местоположение) Дата на вписване в системата Местоположение - отдел Цена в лева Систематично азбучна сигнатура Баркод Цена в евро Служебен тип на артикула Инвентарен номер
  Не е изгубен Universal Decimal Classification Не е повреден без рестрикции заемане за дома 889811 Регионална библиотека "Любен Каравелов" Русе Регионална библиотека "Любен Каравелов" Русе Заемна - подръчен фонд 2022-06-15 Заемна - подръчен фонд 22.46 821-31/П 16 О 120000872800 11.48 Книги  
  Не е изгубен Universal Decimal Classification Не е повреден без рестрикции заемане за дома 889812 Регионална библиотека "Любен Каравелов" Русе Регионална библиотека "Любен Каравелов" Русе Заемна - подръчен фонд 2022-06-15 Заемна - подръчен фонд 22.46 821-31/П 16 О 120000872799 11.48 Книги  
  Не е изгубен Universal Decimal Classification Не е повреден само за читалня ползва се в читалня 925039 Регионална библиотека "Любен Каравелов" Русе Регионална библиотека "Любен Каравелов" Русе Хранилище 2023-03-27 Хранилище 29.95 Цб 316888 120000884234 15.31 Книги 120000884234
Vip Innovations Ltd, Rousse, Bulgaria 2025